000 01344nam0a2200289 4500
001 RU\NLR\bibl\373732
005 20250622151316.0
021 _aRU
_b2003-10720
_9492
035 _a(NLR Aleph) 000368233
090 _a378970
_c378970
100 _a20030305d2002 |||y0rusy50 ca
101 0 _arus
102 _aRU
105 _ay |||||||||
200 1 _aПамяти Альберта Вазгеновича Папаяна
_eРечь на заседании Союза педиатров Санкт-Петербурга (20 нояб. 2002 г.)
_fПроф. Н.Д. Савенкова
_gГОУ ВПО С.-Петерб. гос. пед. мед. акад. и др.
210 _aСПб.
_cСПбГПМА
_d2002
215 _a21 с.
_d21
300 _aВ надзаг. также: Союз педиатров Санкт-Петербурга, Ассоц. педиатров-нефрологов Севера-Запада России
600 1 _aПапаян
_bА.В.
_f1936 - 2002
_gАльберт Вазгенович
_92279174
_3RU\NLR\auth\661365609
600 1 _aПапаян
_bА. В.
_f1936-2002
_gАльберт Вазгенович
_2psbo
686 _aР.г(2)7д Папаян
700 1 _aСавенкова
_bН. Д.
_4070
801 0 _aRU
_bNLR
_c20030305
_gPSBO
801 1 _aRU
_bNLR
_c20030305
942 _cBOOK
980 _aNB